000 00592nam a22001937a 4500
999 _c152777
_d152777
005 20181116142317.0
010 _aB-129497
020 _a0749442409
035 _aB-129484,B-129490 B-129497
037 _bBPPD/PUB
082 _a650.142
100 _aYate Martin
245 _aThe Ultimate Job Search Letters Book
_cby Martin Yate
_bWrite the perfect letter and get that job
260 _aLondon
_bKogan Page
_c2004
300 _avii, 248p.
_c24cm, (pbk)
500 _aIncludes index
942 _2ddc
_cEN
_mYAT
_h650.142